000 00466pab a2200181 454500
008 180718b2013 xxu||||| |||| 00| 0 eng d
100 _aBora, Abhijit
245 _aICT in open and distance learning
260 _c2013
300 _ap.6-10,21.
362 _a10 Jun
650 _aCommunication technology
650 _aInformation technology
650 _aDistance education
700 _aNath, Ratul Chandra
773 _aUniversity News
909 _a110172
999 _c110167
_d110167